|
|
|
|
| LEADER |
01208cas a2200337 a 4500 |
| 001 |
000044929 |
| 003 |
3827 |
| 005 |
20060522093011.0 |
| 008 |
010309b vm 000 vie |
| 040 |
|
|
|a LRC
|c LRC
|d LRC
|
| 041 |
0 |
|
|a vie
|
| 082 |
1 |
4 |
|a 351.05
|b VIÊ
|
| 110 |
2 |
|
|a Viện Nghiên cứu Khoa học Tổ chức Nhà nước - Bộ Nội vụ.
|
| 245 |
1 |
0 |
|a Thông tin cải cách nền hành chính Nhà nước /
|c Viện Nghiên cứu Khoa học Tổ chức Nhà nước - Bộ Nội vụ.
|
| 260 |
|
|
|a Hà Nội.
|
| 300 |
|
|
|c 29,5 cm.
|
| 630 |
0 |
4 |
|a Nhà nước.
|
| 630 |
0 |
4 |
|a Hành chính.
|
| 650 |
0 |
4 |
|a Hành chính
|x Nhà nước
|v Tạp chí.
|
| 650 |
0 |
4 |
|a Cải cách
|x Hành chính
|v Tạp chí.
|
| OWN |
|
|
|a DUT
|
| AVA |
|
|
|a UDN50
|b DUT
|c Periodicals
|d 351.05 VIÊ
|e available
|t Error 5001 Not defined in file expand_doc_bib_avail.
|f 9
|g 0
|h N
|i 0
|j TC
|k 1
|
| 999 |
|
|
|a From the UDN01
|
| AVA |
|
|
|a UDN50
|b DUT
|c Periodicals
|d 351.05 VIÊ
|e available
|t Error 5001 Not defined in file expand_doc_bib_avail.
|f 9
|g 0
|h N
|i 0
|j TC
|k 1
|
| TYP |
|
|
|a Printed language
|
| 980 |
|
|
|a Mạng thư viện Đại học Đà Nẵng
|